| 000 | 00451nam a2200169 a 4500 | ||
|---|---|---|---|
| 005 | 20140310183441.0 | ||
| 008 | 080522s19uu xx 00 eng d | ||
| 020 | _a0380776839 | ||
| 050 |
_aPZ 3 _b.P558 1994 |
||
| 100 | _aPhillips, Susan Elizabeth | ||
| 245 |
_aIt had to be you. _cSusan Elizabeth Phillips |
||
| 260 |
_aNew York : _bAvon Books, _c1994. |
||
| 300 |
_a420 p. : _c17 cm. |
||
| 650 | _aFiction. | ||
| 942 |
_cBK _2lcc |
||
| 999 |
_c23119 _d23119 |
||